banner koha

Efeito da inclusão de óleo de linhaça sobre a composição lipídica e a concentração de prostaglandina (PGE2)em ossos longos de frangos de corte (Registro n. 205487)

MARC details
000 -LÍDER
campo de controle de tamanho fixo 00985nas a2200301 4500
001 - NÚMERO DE CONTROLE
campo de controle BR0905883
003 - IDENTIFICADOR DO NÚMERO DE CONTROLE
campo de controle BR-BrBNA
005 - DATA E HORÁRIO DA ÚLTIMA TRANSAÇÃO
campo de controle 20231205113750.0
007 - CAMPO FIXO DE DESCRIÇÃO FÍSICA--INFORMAÇÃO GERAL
campo de controle de tamanho fixo ta
008 - CAMPO DE DADOS FIXOS--INFORMAÇÃO GERAL
campo de controle de tamanho fixo 230509b bl.|||p| |||| 00| 00por d
040 ## - FONTE DA CATALOGAÇÃO
Instituição da catalogação original BR-BrBNA
Idioma da catalogação por
Instituição que transcreveu o registro Biblioteca Nacional de Agricultura
041 ## - CÓDIGO DE IDIOMA
Código do idioma do texto/trilha sonora ou título diferente (Pt)
072 ## - CÓDIGO DE CATEGORIA DE ASSUNTO
Código de Categoria de Assunto Q04; L02; L53
100 1# - ENTRADA PRINCIPAL--NOME PESSOAL
Nome pessoal Garcia, E.R. de M.
100 1# - ENTRADA PRINCIPAL--NOME PESSOAL
Nome pessoal Murakami, A.E.
100 1# - ENTRADA PRINCIPAL--NOME PESSOAL
Nome pessoal Matsushita, M.
100 1# - ENTRADA PRINCIPAL--NOME PESSOAL
Nome pessoal Dalalio, M.M. de O.
100 1# - ENTRADA PRINCIPAL--NOME PESSOAL
Nome pessoal Rosa-Della, V.A.
100 1# - ENTRADA PRINCIPAL--NOME PESSOAL
Nome pessoal Fernandes, J.I.M.
245 1# - TÍTULO
Título Efeito da inclusão de óleo de linhaça sobre a composição lipídica e a concentração de prostaglandina (PGE2)em ossos longos de frangos de corte
650 ## - ASSUNTO--TERMO TÓPICO
Cabeçalho tópico ou nome geográfico LÍPIDIO
650 ## - ASSUNTO--TERMO TÓPICO
Cabeçalho tópico ou nome geográfico PROSTAGLANDINA
650 ## - ASSUNTO--TERMO TÓPICO
Cabeçalho tópico ou nome geográfico FRANGO DE CORTE
650 ## - ASSUNTO--TERMO TÓPICO
Cabeçalho tópico ou nome geográfico ÁCIDO
773 0# - ENTRADA ANALÍTICA
Título Revista Brasileira de Zootecnia (Brazil)
ISSN - International Standard Serial Number ISSN 1516-3598
Partes relacionadas (Jul 2009), v. 38(7) p. 1247-1255
Número de controle do registro BR0905883
909 ## -
-- 202311
-- Lúcia
-- 55
-- Lúcia Elande
942 ## - ELEMENTOS DE ENTRADA ADICIONADOS (KOHA)
Fonte da classificação ou esquema de arquivamento na estante Classificação AGRIS
Ocultar no OPAC Não
Tipo de material Koha Analítica
Exemplares
Situação do descarte Fonte da classificação ou esquema de arquivamento na estante Situação física Não pode ser emprestado Biblioteca de origem Biblioteca atual Localização na estante Enumeração do periódico / cronologia Total de empréstimos Data de último acesso Número do exemplar Tipo de material Koha Fonte de aquisição
  Classificação AGRIS   Consulta local Biblioteca Nacional de Agricultura - Binagri Biblioteca Nacional de Agricultura - Binagri   (Jul 2009), v. 38(7) p. 1247-1255   29/11/2023 01 Periódicos Portaria Interministerial nº 164/94

BINAGRI

Telefone: (61)3218-2567/2388/3357/2097 - binagri@agro.gov.br

Ministério da Agricultura e Pecuária , Esplanada dos Ministérios, Bloco D, Anexo B, Brasília/DF, CEP: 70.043-900